| 000 | 00680cam a2200241 4500 | ||
|---|---|---|---|
| 001 | M86881 | ||
| 008 | 090401t1995 xxu||||| |||| 00| 0 eng d | ||
| 035 | _a(Sirsi) u81279 | ||
| 041 | _aeng | ||
| 050 | _a630.026 | ||
| 110 | _aCentral Association of Agricultural Valuers | ||
| 245 | _aAnnual tenanted farms survey 1995. | ||
| 260 |
_aColeford, Glos. _bCentral Association of Agricultural Valuers _c1995 |
||
| 300 | _a(8)p. ; 30cm. | ||
| 350 | _a0 | ||
| 650 | _aPROPERTY-LANDLORD AND TENANT-TENANCIES-AGRICULTURAL TENANCIES | ||
| 650 | _aFARMING | ||
| 650 | _aSTATISTICS | ||
| 650 | _aTENANTED FARMS | ||
| 690 | _aRURAL PRACTICE | ||
| 942 | _n0 | ||
| 948 | _c06/10/1997 | ||
| 999 |
_c96690 _d96690 |
||